| 000 | 00412nam a2200169Ia 4500 | ||
|---|---|---|---|
| 001 | 1337 | ||
| 008 | 140313s9999 xx 000 0 und d | ||
| 020 | _a415101042 | ||
| 040 | _cPK-LaUMT | ||
| 082 |
_a 306.877 _bBEL-I |
||
| 100 | _aVikki Bell | ||
| 245 |
_aInterrogating incest: _bfeminism, foucault and the law. _cVikki Bell |
||
| 260 | _c1993. | ||
| 300 | _a210 p. | ||
| 650 | _aFeminist theory | ||
| 942 | _cBK | ||
| 999 |
_c1646 _d1646 |
||